|
|
|
|
| LEADER |
00854nab#a2200325#ar4500 |
| 001 |
000083039 |
| 003 |
SVKKK |
| 005 |
20070306111512.0 |
| 008 |
030616c2006 xo e sloo |
| FMT |
|
|
|
| 038 |
|
|
|a SVKKK
|
| 040 |
|
|
|a SVKKK
|b slo
|e AACR2
|
| 041 |
0 |
|
|a slo
|
| 044 |
|
|
|a xo
|c SK
|
| 080 |
|
|
|a 177.72
|2 1997
|
| 100 |
1 |
|
|a Michalčíková, Katarína
|4 ivr
|
| 245 |
1 |
0 |
|a Radím tým, ktorí za službu nemôžu zaplatiť
|c Katarína Michalčíková, Kamila Poláčková
|
| 300 |
|
|
|b Fotogr.
|
| 610 |
2 |
4 |
|a Charitatívno-sociálne centrum (Trenčianska Teplá (Slovensko))
|
| 700 |
1 |
|
|a Poláčková, Kamila
|4 ive
|
| 773 |
0 |
|
|t Katolícke noviny
|x 0139-8512
|g Roč. 121, č. 47 (2006), s. 22
|
| 957 |
|
|
|a 309
|
| 958 |
|
|
|a BX
|
| 958 |
|
|
|a NT
|
| 974 |
|
|
|a Čr
|
| 992 |
|
|
|a RBX
|
| BAS |
|
|
|
| 852 |
|
|
|a SVKKK
|b BIB
|
| EXP |
|
|
|
| 998 |
|
|
|a SLO
|